000 00480nam a2200181Ia 4500
001 2399
005 20260306144804.0
008 260306t2004||||xx |||||||||||||| ||spa||
041 _aESP
082 _a616.89
_bH17
100 _aHalgin, Richard P.
_eAUT
245 0 _aPsicología de la anormalidad:
_bperspectivas clínicas sobre desórdenes psicológicos
260 _c2004
300 _a666 páginas :
_c27 cm.
650 _aGEN
654 _aCPS
942 _cLIB
_dJUS
_fJUS
_2ddc
_n
999 _c2399
_d2399